000 00358nam a22001457a 4500
003 OSt
005 20160727222355.0
008 160622b xxu||||| |||| 00| 0 eng d
040 _cTEST
100 _9513
_aHenderson, E. H
245 _aHoughton mifflin spelling
260 _aHoughton miffin com.
_c1988
300 _aHoughton mifflin spelling
942 _2ddc
_cBK
999 _c423
_d423